Estafa de amor = The Brothers Bloom /

Un par de hermanos se han dedicado a la estafa desde pequeños. El mayor de ellos considera tan importante la complejidad del plan como los resultados. Ya treintañeros, deciden dar un último golpe porque sienten que están perdiendo su identidad y el sentido de realidad ante tantos caracteres que han...

Повний опис

Збережено в:
Бібліографічні деталі
Автор: Johnson, Rian (realización)
Інші автори: Weisz, Rachel (actuación) (actuación), Brody, Adrien (actuación) (actuación), Ruffalo, Mark (actuación) (actuación)
Формат: Слайд
Мова:Англійська
Предмети:
Теги: Додати тег
Немає тегів, Будьте першим, хто поставить тег для цього запису!

MARC

LEADER 00000ngm^a2200000^a^4500
001 000311988
005 20250521000000.0
009 20260310113101.41
037 |a Acervo ITESO - Biblioteca 
041 |a ING 
082 |a 810.  |b JOH 
100 |a Johnson, Rian  |e (realización) 
245 1 0 |a Estafa de amor =  |b The Brothers Bloom /  |c Realización de R. Johnson. 
264 2 |a México :  |b Quality Films [distribución],  |c 2010, c2010 
300 |a 1 DVD regiones 1 y 4  |c (114 min.) 
336 |a imagen móvil bidimensional  |b tdi  |2 rdacontenido 
337 |a video  |b v  |2 rdamedio 
338 |a videodisco  |b vd  |2 rdasoporte 
520 |a Un par de hermanos se han dedicado a la estafa desde pequeños. El mayor de ellos considera tan importante la complejidad del plan como los resultados. Ya treintañeros, deciden dar un último golpe porque sienten que están perdiendo su identidad y el sentido de realidad ante tantos caracteres que han personificado. Pero la situación se complica en un enredo en que ya no saben quién tima a quién, entre la heredera a quien han integrado a su nuevo proyecto y su antiguo mentor, ahora su mayor enemigo. 
546 |a En inglés, con subtítulos opcionales: español 
546 |a Doblaje opcional: español 
649 |a XX 
650 |a Comedias Cinematográficas 
650 |a Cine Norteamericano -  |y 2000-2009 
650 |a Cine Norteamericano -  |y Siglo XXI 
650 |a Realidad 
650 |a Identidad Personal 
650 |a Impostores e Impostura 
650 |a Delincuentes 
650 |a Fraude 
650 |a Engaño 
650 |a Venganza 
650 |a Amor 
650 |a Relaciones de Pareja 
700 |a Weisz, Rachel  |e (actuación) 
700 |a Brody, Adrien  |e (actuación) 
700 |a Ruffalo, Mark  |e (actuación) 
910 |a Fondo General 
920 |a Audiovisuales - DVDs 
940 |a Películas 
905 |a 302 
901 |a 0500204557  |b IT2  |c DVS  |i C123447  |u 20250521 
902 |a https://opac.biblio.iteso.mx/vufind/Record/000311988